header

Rip it up (Record no. 187879)

MARC details
000 -LEADER
fixed length control field 01233nam a2200325Ia 4500
082 04 - DEWEY DECIMAL CLASSIFICATION NUMBER
Classification number 781.66/089/96073
245 00 - TITLE STATEMENT
Title Rip it up
250 ## - EDITION STATEMENT
Edition statement 1st ed.
260 ## - PUBLICATION, DISTRIBUTION, ETC. (IMPRINT)
Place of publication New York :
Name of publisher Palgrave Macmillan,
Year of publication 2003.
300 ## - PHYSICAL DESCRIPTION
Number of Pages xviii, 231 p. :
Other physical details ill.
500 ## - GENERAL NOTE
General note Includes index.
650 #0 - SUBJECT ADDED ENTRY--TOPICAL TERM
Topical Term Rock music
Topical Term African American rock musicians.
700 1# - ADDED ENTRY--PERSONAL NAME
Personal name Crazy Horse, Kandia.
856 40 - ELECTRONIC LOCATION AND ACCESS
Uniform Resource Identifier http://site.ebrary.com/lib/rucke/Doc?id=10135501

No items available.

© 2026 Rongo University
Contact us: librarian | system librarian | Rongo university